[Event "Michigan Juniors"]
[White "Jia, Roger"]
[Black "Dellinger, Pat"]
[Site "East Grand Rapids"]
[Round "5.12"]
[Result "1-0"]
[Date "2005.03.20"]
[WhiteElo "1231"]
[BlackElo "973"]
[PlyCount "120"]
[EventDate "2005.03.19"]
[EventType "swiss"]
[EventRounds "5"]
[EventCountry "USA"]
[SourceTitle "EXT 2006"]
[Source "ChessBase"]
[SourceDate "2005.11.24"]
[SourceVersion "1"]
[SourceVersionDate "2005.11.24"]
[SourceQuality "1"]

1. e4 e5 2. Nf3 Nc6 3. Bc4 Nf6 4. d3 h6 5. Nc3 Bc5 6. Be3 Bxe3 7. fxe3 d6 8. Qd2 Na5 9. Bb3 Nxb3 10. axb3 Bg4 11. 0-0 0-0 12. Nh4 Nxe4 13. Nxe4 Qxh4 14. h3 Be6 15. Qc3 Rfc8 16. Ra4 d5 17. Nc5 Qg5 18. Nxe6 Qxe3+ 19. Kh1 fxe6 20. Re1 Qg3 21. Rg4 Qf2 22. Qxe5 Qf7 23. Qxe6 Qxe6 24. Rxe6 Kf7 25. Re3 Re8 26. Rf4+ Kg8 27. Ref3 Re1+ 28. Rf1 Rae8 29. Kg1 R1e2 30. R4f2 c5 31. Ra1 Re1+ 32. Rxe1 Rxe1+ 33. Rf1 Re2 34. Rf2 Rxf2 35. Kxf2 Kf7 36. Ke3 Ke6 37. g4 Ke5 38. c3 d4+ 39. cxd4+ cxd4+ 40. Kf3 g5 41. b4 Kd5 42. b3 b6 43. b5 Kc5 44. Ke4 Kb4 45. Kxd4 Kxb5 46. Ke5 Kc5 47. d4+ Kc6 48. Ke6 a5 49. d5+ Kc7 50. Ke7 b5 51. d6+ Kc8 52. d7+ Kc7 53. d8Q+ Kc6 54. Qxa5 Kc5 55. b4+ Kc6 56. Qa6+ Kc7 57. Qxb5 h5 58. Qd7+ Kb6 59. b5 h4 60. Qc6+ Ka5 1-0